Joueurs de l'Équipe de France sélectionnés en 2025 - Statistiques

Statistiques générales
  • Ce quiz a été pris 598 fois
    304 depuis la dernière actualisation
  • Le résultat moyen est 30 sur 37
Statistiques - réponses
Poste Club Joueur % Correct
ATT Real Madrid Kylian Mbappé
96%
G LOSC Lille / Paris Saint-Germain Lucas Chevalier
96%
G AC Milan Mike Maignan
95%
ATT Paris Saint-Germain Ousmane Dembélé
94%
MIL Real Madrid Aurélien Tchouaméni
93%
DEF FC Barcelone Jules Koundé
93%
DEF Paris Saint-Germain Lucas Hernandez
93%
MIL Real Madrid Eduardo Camavinga
92%
DEF AC Milan / Al-Hilal Théo Hernandez
92%
DEF Bayern Munich Dayot Upamecano
90%
MIL Juventus Khéphren Thuram
90%
ATT Inter Milan Marcus Thuram
90%
ATT Bayern Munich Michael Olise
90%
DEF Arsenal William Saliba
89%
G Stade Rennais Brice Samba
88%
ATT Paris Saint-Germain Désiré Doué
88%
DEF Inter Milan / Olympique de Marseille Benjamin Pavard
87%
DEF Liverpool Ibrahima Konaté
86%
MIL Olympique de Marseille / AC Milan Adrien Rabiot
85%
ATT Olympique Lyonnais / Manchester City Rayan Cherki
85%
ATT Paris Saint-Germain Bradley Barcola
84%
SEL - Didier Deschamps
82%
ATT Liverpool Hugo Ekitike
80%
DEF Aston Villa Lucas Digne
80%
MIL Paris Saint-Germain Warren Zaïre-Emery
79%
ATT Crystal Palace Jean-Philippe Mateta
75%
DEF Chelsea Malo Gusto
75%
MIL Lazio Rome Mattéo Guendouzi
74%
ATT Juventus / Tottenham Randal Kolo Muani
74%
ATT AS Monaco Maghnes Akliouche
73%
MIL AS Roma Manu Koné
73%
ATT Al-Nassr FC Kingsley Coman
70%
DEF OGC Nice Jonathan Clauss
68%
ATT Chelsea / AC Milan Christopher Nkunku
66%
DEF Atlético de Madrid Clément Lenglet
61%
DEF Juventus Pierre Kalulu
59%
DEF Séville FC / Bayer Leverkusen Loïc Badé
58%
Aucun quiz correspondant
Distribution des résultats
% des personnes avec chaque résultat
Percentile par nombre de réponses
Votre historique - résultats
Vous n’avez pas pris ce quiz depuis la dernière actualisation